000 01855nam a2200193 a 4500
008 180206e2000 sp ||||g |||| 00| 0 spa d
020 _a849214310X
041 _aspa
092 _c808
_l29
_sGIB
100 1 _aGibrán, Khalil Gibrán
_94199
245 3 _aEl profeta /
_cGibrán Khalil Gibrán
250 _a1a ed.
_bTraducción y prólogo Juan Cruz Martínez, Ilustraciones originales de Gibrán Khalil Gibrán
260 _aMadrid:
_bAlba;
_c2000.
300 _a141 p.
500 _aGibrán, K. G. (2000). El profeta. (1a ed.). Madrid : Alba.
505 _aUna de las obras maestras de la literatura universal es "El profeta". En la voz de Almustafá El Profeta se encierra la esencia última del pensamiento poético de Khalil Gibrán, poeta libanés emigrado a estados Unidos y perseguidor errante de la verdad y la belleza, en cuya personalidad se produce la prodigiosa síntesis del Oriente y el Occidente fertilizados por la sensibilidad de un autor subyugante. Cada relectura arrojará un nuevo valor, cada imagen evocada adquirirá un nuevo perfil. Siempre hay algo nuevo y sorprendente en las densas y breves páginas en las que se concentra el verbo creador de poeta libanés. Y es ésta la razón por la que "El Profeta" fue desde un primer momento un clásico predestinado a la inmortalidad. A través de un diálogo entre un profeta y los habitantes de su pueblo, Gibrán evoca cuestiones que van desde el amor, el matrimonio, el comer y el beber hasta el trabajo, la alegría, el dolor, la libertad… El autor libanés, en cuyo pensamiento místico confluyeron el cristianismo, el islam, el judaísmo y la teosofía, plantea un espiritualismo libre de dogmas y una filosofía universal, que nos acerca a lo fundamental y nos invita a repensar los valores que gobiernan nuestras vidas.
655 _aLiteratura
_92917
942 _2ddc
_cLIT
999 _c3170
_d3170